[Event "Sofia MGU op 209th"]
[Site "Sofia"]
[Date "2018.03.11"]
[Round "6"]
[White "Gadzhev, Denislav"]
[Black "Kostov, Nikolai"]
[Result "1-0"]
[WhiteElo "1535"]
[BlackElo "1631"]
[PlyCount "67"]
[EventDate "2018.03.10"]
[EventType "swiss"]
[EventRounds "6"]
[EventCountry "BUL"]
[SourceTitle "CBM 183 Extra"]
[Source "ChessBase"]
[SourceDate "2018.04.19"]
[SourceVersion "1"]
[SourceVersionDate "2018.04.19"]
[SourceQuality "1"]

1. e4 e5 2. Nf3 Nc6 3. Bc4 Bc5 4. c3 Bb6 5. d4 exd4 6. cxd4 d6 7. h3 h6 8. Nc3 Nge7 9. 0-0 0-0 10. Be3 Ng6 11. Qd2 Kh7 12. Nh2 f5 13. exf5 Bxf5 14. g4 Bd7 15. f4 Qh4 16. Rf3 Qe7 17. Qd3 Qf6 18. Nd5 Qd8 19. Bb3 Be8 20. Raf1 Kh8 21. Bc2 Nce7 22. Nxe7 Qxe7 23. f5 Rf6 24. fxg6 Bxg6 25. Qd2 Bxc2 26. Qxc2 Raf8 27. Qg2 c5 28. dxc5 dxc5 29. g5 Rxf3 30. Rxf3 Rd8 31. gxh6 g5 32. Bxg5 c4+ 33. Kh1 Rd1+ 34. Nf1 1-0

[Event "Vevcani Lasker U20 op"]
[Site "Vevcani"]
[Date "2017.10.22"]
[Round "5"]
[White "Gadzhev, Denislav"]
[Black "Janeski, Leon"]
[Result "1-0"]
[WhiteElo "1697"]
[BlackElo "1312"]
[PlyCount "27"]
[EventDate "2017.10.20"]
[EventType "swiss"]
[EventRounds "7"]
[EventCountry "MKD"]
[SourceTitle "CBM 181 Extra"]
[Source "ChessBase"]
[SourceDate "2017.12.12"]
[SourceVersion "1"]
[SourceVersionDate "2017.12.12"]
[SourceQuality "1"]

1. e4 e5 2. Nf3 Nc6 3. Bc4 Bc5 4. c3 Nf6 5. d4 exd4 6. e5 Qe7 7. 0-0 Ng4 8. cxd4 Bb6 9. h3 Nh6 10. Nc3 d6 11. Nd5 Qd8 12. Bg5 Qd7 13. Bxh6 gxh6 14. Nf6+ 1-0

[Event "Tri Buki Children's CupT 2nd"]
[Site "Tri Buki"]
[Date "2017.02.05"]
[Round "2.3"]
[White "Lenkova, Lyubomira"]
[Black "Gadzhev, Denislav"]
[Result "0-1"]
[WhiteElo "1303"]
[BlackElo "1613"]
[PlyCount "106"]
[EventDate "2017.02.04"]
[EventType "team-swiss"]
[EventRounds "6"]
[EventCountry "BUL"]
[SourceTitle "CBM 176 Extra"]
[Source "ChessBase"]
[SourceDate "2017.03.02"]
[SourceVersion "1"]
[SourceVersionDate "2017.03.02"]
[SourceQuality "1"]
[WhiteTeam "Tri Buki"]
[BlackTeam "An Passant"]
[WhiteTeamCountry "BUL"]
[BlackTeamCountry "BUL"]

1. d4 Nf6 2. c4 e6 3. Nc3 Bb4 4. Nf3 b6 5. g3 Ba6 6. Qb3 Bxc3+ 7. bxc3 0-0 8. Bg2 c6 9. 0-0 d5 10. Ne5 Qc7 11. Re1 Nbd7 12. Bf4 Nxe5 13. Bxe5 Qe7 14. cxd5 cxd5 15. Rac1 Bc4 16. Qa4 b5 17. Qa6 Rfc8 18. e3 Ne4 19. Qa5 f6 20. f3 fxe5 21. fxe4 Qb7 22. dxe5 dxe4 23. Red1 Bd5 24. Bf1 a6 25. a3 Qa7 26. Rd4 Rc5 27. Qb4 Rac8 28. Qa5 Qb7 29. Qb4 Qc6 30. Bh3 Rxc3 31. Rxc3 Qxc3 32. Qxc3 Rxc3 33. Kf2 Rc2+ 34. Kg1 Re2 35. a4 Rxe3 36. axb5 axb5 37. Rb4 Rb3 38. Rxb3 Bxb3 39. Kf2 b4 40. Ke2 Bc4+ 41. Kd2 Kf7 42. Bg2 Bd5 43. Kc2 Ke7 44. Bf1 Kd7 45. Kd2 Kc6 46. Be2 Kc5 47. Bd1 Kd4 48. Bc2 e3+ 49. Ke2 Be4 50. Bb3 Bd3+ 51. Ke1 Bc4 52. Bc2 b3 53. Bb1 Bd3 0-1

[Event "Sofia MGU op 179th"]
[Site "Sofia"]
[Date "2017.01.15"]
[Round "5"]
[White "Babatov, Martin"]
[Black "Gadzhev, Denislav"]
[Result "1/2-1/2"]
[WhiteElo "1625"]
[BlackElo "1577"]
[PlyCount "65"]
[EventDate "2017.01.14"]
[EventType "swiss"]
[EventRounds "6"]
[EventCountry "BUL"]
[SourceTitle "CBM 176 Extra"]
[Source "ChessBase"]
[SourceDate "2017.03.02"]
[SourceVersion "1"]
[SourceVersionDate "2017.03.02"]
[SourceQuality "1"]

1. d4 Nf6 2. c4 e6 3. Bf4 d5 4. e3 b6 5. Nc3 Bd6 6. Bxd6 Qxd6 7. Nf3 Bb7 8. cxd5 Nxd5 9. Be2 0-0 10. 0-0 Rd8 11. Ne5 Nc6 12. Nxd5 Nxe5 13. dxe5 Qxd5 14. Qxd5 Bxd5 15. Rfd1 Kf8 16. Rd2 Ke7 17. Rc2 c5 18. Bf3 Bxf3 19. gxf3 Rd5 20. f4 Rad8 21. a3 Rd1+ 22. Rxd1 Rxd1+ 23. Kg2 Kd7 24. e4 Rd4 25. f3 g6 26. Kg3 Kd8 27. Kg4 h6 28. h4 Rd1 29. Rg2 Rd3 30. Rf2 Rd1 31. Rg2 Rd3 32. Rf2 Rd1 33. Rg2 1/2-1/2

[Event "Kyustendil Osogovo Cup 2nd"]
[Site "Kyustendil"]
[Date "2016.07.08"]
[Round "2.3"]
[White "Gadzhev, Denislav"]
[Black "Ivanov, Lyubomir"]
[Result "1-0"]
[WhiteElo "1607"]
[BlackElo "1083"]
[PlyCount "49"]
[EventDate "2016.07.07"]
[EventType "swiss"]
[EventRounds "7"]
[EventCountry "BUL"]
[SourceTitle "EXT 2024"]
[Source "ChessBase"]
[SourceDate "2023.10.10"]
[SourceVersion "1"]
[SourceVersionDate "2023.10.10"]
[SourceQuality "1"]

1. e4 e5 2. Nf3 Nc6 3. Bc4 Bc5 4. c3 Nf6 5. d4 exd4 6. e5 Ne4 7. Bd5 f5 8. cxd4 Bb4+ 9. Bd2 Bxd2+ 10. Nbxd2 Nxd2 11. Qxd2 Qe7 12. 0-0 Qf8 13. Rfe1 Kd8 14. e6 Qf6 15. Bxc6 bxc6 16. d5 d6 17. Ng5 Ke8 18. Rac1 Rb8 19. Nf7 Rg8 20. Qa5 Rb7 21. Rxc6 Qe7 22. Nxd6+ Kd8 23. Nxb7+ Bxb7 24. d6 Qe8 25. Qxc7# 1-0

[Event "Sofia MGU op 164th"]
[Site "Sofia"]
[Date "2016.03.05"]
[Round "2"]
[White "Gadzhev, Denislav"]
[Black "Pavlov, Vladimir"]
[Result "0-1"]
[WhiteElo "1527"]
[BlackElo "1686"]
[PlyCount "80"]
[EventDate "2016.03.05"]
[EventType "swiss"]
[EventRounds "6"]
[EventCountry "BUL"]
[SourceTitle "CBM 171 Extra"]
[Source "ChessBase"]
[SourceDate "2016.04.26"]
[SourceVersion "1"]
[SourceVersionDate "2016.04.26"]
[SourceQuality "1"]

1. d4 b5 2. e3 a6 3. Nf3 Bb7 4. Bd3 Nf6 5. 0-0 e6 6. b3 Be7 7. Bb2 d6 8. Nbd2 Nbd7 9. c4 c6 10. Qc2 Rc8 11. e4 c5 12. d5 b4 13. h3 e5 14. Rfe1 0-0 15. Nf1 Nh5 16. Bc1 Bf6 17. Ne3 Nf4 18. Nf5 Nb6 19. Kh2 g6 20. Ng3 Qd7 21. Ne2 Nxe2 22. Qxe2 a5 23. a3 Ra8 24. a4 Bg7 25. Bb2 f5 26. Ng5 Rf6 27. Ne6 Qf7 28. Nxc5 dxc5 29. Bxe5 fxe4 30. Qxe4 Rxf2 31. Bxg7 Kxg7 32. Rf1 Rf8 33. Rxf2 Qxf2 34. Qe7+ Rf7 35. Qe5+ Qf6 36. Qe1 Re7 37. Qg1 Qe5+ 38. Kh1 Qc3 39. Qd1 Re3 40. Bf1 Qxb3 0-1

[Event "Sofia MGU op 162nd"]
[Site "Sofia"]
[Date "2016.02.14"]
[Round "5"]
[White "Gadzhev, Denislav"]
[Black "Ivanov, Daniel"]
[Result "0-1"]
[WhiteElo "1494"]
[BlackElo "1817"]
[PlyCount "90"]
[EventDate "2016.02.13"]
[EventType "swiss"]
[EventRounds "6"]
[EventCountry "BUL"]
[SourceTitle "CBM 170 Extra"]
[Source "ChessBase"]
[SourceDate "2016.02.25"]
[SourceVersion "1"]
[SourceVersionDate "2016.02.25"]
[SourceQuality "1"]

1. e4 e6 2. Nf3 c6 3. d4 d5 4. exd5 cxd5 5. c4 Nf6 6. Nc3 a6 7. Bg5 dxc4 8. Bxc4 b5 9. Bb3 Bb7 10. 0-0 Be7 11. Re1 0-0 12. Qc2 Bxf3 13. gxf3 Qxd4 14. Rad1 Qb6 15. a3 Nc6 16. Ba2 Rad8 17. Bxf6 Bxf6 18. Bb1 g6 19. Ne4 Bg7 20. h4 Nd4 21. Qd3 Nf5 22. Qe2 Nxh4 23. Kh1 Qc7 24. Rg1 Qf4 25. Rg3 Rxd1+ 26. Qxd1 Rc8 27. Bc2 Qc7 28. Rh3 Qxc2 29. Qxc2 Rxc2 30. Rxh4 Rxb2 31. Rh2 Ra2 32. Ng5 Rxa3 33. Nxh7 f6 34. f4 b4 35. Kg2 Rc3 36. f5 exf5 37. f4 Rc2+ 38. Kh3 Rxh2+ 39. Kxh2 Kxh7 40. Kh1 b3 41. Kg2 b2 42. Kg3 b1Q 43. Kh4 Qg1 44. Kh3 a5 45. Kh4 Qg4# 0-1

[Event "Sofia MGU op 162nd"]
[Site "Sofia"]
[Date "2016.02.13"]
[Round "1"]
[White "Dimov, Iskren"]
[Black "Gadzhev, Denislav"]
[Result "1-0"]
[WhiteElo "1697"]
[BlackElo "1494"]
[PlyCount "103"]
[EventDate "2016.02.13"]
[EventType "swiss"]
[EventRounds "6"]
[EventCountry "BUL"]
[SourceTitle "CBM 170 Extra"]
[Source "ChessBase"]
[SourceDate "2016.02.25"]
[SourceVersion "1"]
[SourceVersionDate "2016.02.25"]
[SourceQuality "1"]

1. d4 Nf6 2. c4 e6 3. g3 Bb4+ 4. Nd2 0-0 5. Bg2 d5 6. Ngf3 c6 7. 0-0 Nbd7 8. Qc2 Qe7 9. e4 dxe4 10. Nxe4 Nxe4 11. Qxe4 Nf6 12. Qh4 Qc7 13. c5 b6 14. a3 bxc5 15. axb4 cxb4 16. Bf4 Qb6 17. Bg5 Nd5 18. Be7 Nxe7 19. Qxe7 Ba6 20. Rfc1 Rfe8 21. Qc5 Qxc5 22. Rxc5 Bb5 23. Ne5 Red8 24. Bxc6 Bxc6 25. Nxc6 Rd6 26. Rxa7 Rxa7 27. Nxa7 g6 28. Nb5 Ra6 29. Rc4 h5 30. Rxb4 Rb6 31. Kf1 Kf8 32. Ke2 Ke7 33. Kd3 Kd7 34. Kc3 g5 35. h3 f5 36. Na3 Rxb4 37. Kxb4 f4 38. gxf4 gxf4 39. Kc5 f3 40. b4 h4 41. b5 Kc7 42. b6+ Kb7 43. Nb5 e5 44. dxe5 Ka6 45. e6 Ka5 46. e7 Ka4 47. e8Q Kb3 48. Qe3+ Kc2 49. Na3+ Kb2 50. Kb4 Ka2 51. Qb3+ Ka1 52. Qb1# 1-0

[Event "Sofia MGU op 162nd"]
[Site "Sofia"]
[Date "2016.02.13"]
[Round "2"]
[White "Gadzhev, Denislav"]
[Black "Georgiev, Konstantin"]
[Result "1-0"]
[WhiteElo "1494"]
[BlackElo "1572"]
[PlyCount "23"]
[EventDate "2016.02.13"]
[EventType "swiss"]
[EventRounds "6"]
[EventCountry "BUL"]
[SourceTitle "CBM 170 Extra"]
[Source "ChessBase"]
[SourceDate "2016.02.25"]
[SourceVersion "1"]
[SourceVersionDate "2016.02.25"]
[SourceQuality "1"]

1. e4 c5 2. Nf3 Nc6 3. d4 cxd4 4. Nxd4 Nf6 5. Nc3 e6 6. Nxc6 bxc6 7. e5 Nd5 8. Ne4 Qc7 9. f4 Qb6 10. c4 Bb4+ 11. Ke2 Ba6 12. Kf3 1-0

[Event "Sofia An Pasan op 10th"]
[Site "Sofia"]
[Date "2015.10.31"]
[Round "1"]
[White "Gadzhev, Denislav"]
[Black "Karova, Peya"]
[Result "1-0"]
[WhiteElo "1388"]
[BlackElo "1275"]
[PlyCount "57"]
[EventDate "2015.10.31"]
[EventType "swiss"]
[EventRounds "6"]
[EventCountry "BUL"]
[SourceTitle "CBM 169 Extra"]
[Source "ChessBase"]
[SourceDate "2015.12.18"]
[SourceVersion "1"]
[SourceVersionDate "2015.12.18"]
[SourceQuality "1"]

1. e4 d5 2. exd5 Qxd5 3. Nc3 Qa5 4. Bc4 Nf6 5. d3 e5 6. a3 c6 7. Nge2 Bg4 8. f3 Bf5 9. Ng3 Bg6 10. Be3 Nbd7 11. Qd2 Bb4 12. Nge2 e4 13. 0-0 Bd6 14. Nxe4 Qxd2 15. Nxd6+ Ke7 16. Bxd2 Kxd6 17. Bf4+ Ke7 18. Rfe1 Kd8 19. b4 b5 20. Bb3 Re8 21. a4 c5 22. axb5 cxb4 23. Nd4 Kc8 24. Rxe8+ Nxe8 25. Nc6 Kb7 26. Nxb4 Nc5 27. Bd5+ Kc8 28. b6 Nf6 29. Bxa8 1-0

[Event "Sofia MGU 153rd"]
[Site "Sofia"]
[Date "2015.10.24"]
[Round "1"]
[White "Gadzhev, Denislav"]
[Black "Mihalev, Daniil"]
[Result "0-1"]
[WhiteElo "1388"]
[BlackElo "1729"]
[PlyCount "60"]
[EventDate "2015.10.24"]
[EventType "swiss"]
[EventRounds "6"]
[EventCountry "BUL"]
[SourceTitle "CBM 168 Extra"]
[Source "ChessBase"]
[SourceDate "2015.10.29"]
[SourceVersion "1"]
[SourceVersionDate "2015.10.29"]
[SourceQuality "1"]

1. e4 e6 2. Nf3 b6 3. Nc3 Bb7 4. d4 Bb4 5. Bd3 Nf6 6. Bg5 h6 7. Bxf6 Qxf6 8. Qd2 g5 9. e5 Qg7 10. a3 Be7 11. Be4 Nc6 12. h3 0-0-0 13. Na4 f5 14. exf6 Bxf6 15. 0-0-0 d5 16. Bd3 Nxd4 17. Nxd4 Bxd4 18. Qe2 Rhe8 19. c3 Be5 20. Rhe1 Bf4+ 21. Kb1 Bc6 22. Bb5 Qd7 23. c4 Kb7 24. Nc3 a6 25. Bxc6+ Qxc6 26. g3 Bd6 27. cxd5 exd5 28. Qh5 Rxe1 29. Rxe1 Bxa3 30. bxa3 Qxc3 0-1